| 000 | 00553nam a22001817a 4500 | ||
|---|---|---|---|
| 003 | OSt | ||
| 005 | 20250708031015.0 | ||
| 008 | 250708b |||||||| |||| 00| 0 eng d | ||
| 020 | _a 9711025035 | ||
| 040 |
_aDWCL - Main lib _cOC |
||
| 082 | _aCirc. 294.5237 G978r 1984 | ||
| 100 | _aGuru Jagad | ||
| 245 |
_aReincarnation explained/ _cGuru Jagad |
||
| 260 |
_aMakati City : _bThe Science of Identity Foundation, _cc1984. |
||
| 300 |
_axiii, 270 pages : _b illustrations ; _c 20 cm. |
||
| 650 | _a1. Reincarnation. | ||
| 942 |
_2ddc _cBK-CIRC _kCirc. _n0 |
||
| 999 |
_c3448 _d3448 |
||